| 000 | 00766na a2200241 4500 | ||
|---|---|---|---|
| 001 | 14293 | ||
| 003 | MIRAKIL | ||
| 005 | 20181213154955.0 | ||
| 008 | 161031b tu 000 0 | ||
| 035 | _a14293 | ||
| 040 |
_aMilas _btur _cTR-AnCHP |
||
| 041 | _atur | ||
| 082 |
_a811.42 _bB55b 1998 |
||
| 090 | _a811.42 B55b 1998 | ||
| 130 | _a1998 ölümünün 6. yıldönümünde Necdet Evliyagil 2. şiir ve yazı yarışması | ||
| 245 |
_a1998 ölümünün 6. yıldönümünde Necdet Evliyagil 2. şiir ve yazı yarışması _b"Atatürk sevgisi" |
||
| 246 | _a"Atatürk sevgisi" | ||
| 260 |
_aAnkara _bAjans-Türk _c1998 |
||
| 300 |
_a120 s. _c20 sm. |
||
| 600 |
_aEvliyagil, Necdet _d1927-1992 |
||
| 650 |
_aTürkçe şiir _xYarışmalar |
||
| 942 |
_2ddc _cBKS |
||
| 999 |
_c4150 _d4150 |
||